| 000 | 03673cas a22003497c 4500 | ||
|---|---|---|---|
| 001 | 131626 | ||
| 003 | UA-OsUOA | ||
| 005 | 20230612124303.0 | ||
| 007 | ta | ||
| 008 | 201806c2005 un qr|p||00| 0 ukrcdukr d | ||
| 022 | _a22236757 | ||
| 040 |
_aUA-OsUOA _bukr _cUA-OsUOA _dUA-OsUOA |
||
| 041 |
_aukr _arus _aeng |
||
| 044 | _aUA | ||
| 080 | _a61 | ||
| 090 |
_a61 _bУ45 |
||
| 099 | _a91808 | ||
| 110 | _aДержавна установа "Інститут медицини праці імені Ю. І. Кундієва Національної академії медичних наук України | ||
| 245 |
_aУкраїнський журнал з проблем медицини праці _bнауково-практичне, медичне видання _cгол. ред. Чернюк В. І. |
||
| 246 | 3 | 1 | _aУкраинский журнал по проблемам медицины труда |
| 246 | 3 | 1 | _aUkrainian journal of occupational health |
| 260 |
_bАвіцена _aК. _c2005 |
||
| 310 | _aщоквартально | ||
| 505 | _aТематична спрямованість журналу: питання державної політики і проблем медицини праці; теоретичні основи охорони здоров’я працюючого населення; умови праці та особливості впливу хімічних, фізичних та біологічних факторів виробничого середовища на організм працюючих; механізми пошкоджуючої дії шкідливих факторів виробничого середовища; фізіологія праці; професійний відбір, біо- та генетичні маркери підвищеної чутливості організму до впливу виробничих чинників; здоров’я та медико-санітарне обслуговування працюючих; питання діагностики та лікування професійних захворювань, медичної експертизи працездатності та реабілітації хворих на професійні захворювання; нормативне, правове, кадрове, інформаційне, матеріально-технічне, фінансове забезпечення системи надання медичної допомоги працюючим; проблеми підготовки медичних кадрів та організація післядипломної освіти лікарів з гігієни праці та професійної патології; робота Державної служби з питань гігієни праці; організація та ефективність наукових досліджень у системі медицини праці та впровадження нововведень; здоровий спосіб життя працюючих; питання історії медицини праці, біоетики та деонтології; проблеми наукової медичної інформації; міжнародний досвід і міжнародне співробітництво з питань медицини праці. | ||
| 650 | 7 |
_a61 Медичні науки _2UDC |
|
| 856 | _uhttps://ua.ujoh.org/ | ||
| 942 |
_cMG _2udc _s1 |
||
| 955 | _a1 | ||
| 962 | _d2005 | ||
| 999 |
_c415790 _d415790 |
||